EXCELLING IN ENGLISH (Record no. 4770)
[ view plain ]
| 000 -LEADER | |
|---|---|
| fixed length control field | 00379nam a22001097a 4500 |
| 005 - DATE AND TIME OF LATEST TRANSACTION | |
| control field | 20250901165504.0 |
| 008 - FIXED-LENGTH DATA ELEMENTS--GENERAL INFORMATION | |
| fixed length control field | 210512b |||||||| |||| 00| 0 eng d |
| 050 ## - LIBRARY OF CONGRESS CALL NUMBER | |
| Classification number | PE 1068.K4 .I53 2005 |
| 245 ## - TITLE STATEMENT | |
| Title | EXCELLING IN ENGLISH |
| Remainder of title | AN INTERGRATED APPROACH:FORM THREE STUENT'S BOOK |
| Statement of responsibility, etc. | INDANGASI, HENRY |
| 260 ## - PUBLICATION, DISTRIBUTION, ETC. | |
| Place of publication, distribution, etc. | NAIROBI |
| Name of publisher, distributor, etc. | K.L.B. |
| Date of publication, distribution, etc. | 2005 |
| 942 ## - ADDED ENTRY ELEMENTS (KOHA) | |
| Source of classification or shelving scheme | Library of Congress Classification |
| Classification part | PE 1068.K4 .I53 2005 |
| Withdrawn status | Lost status | Source of classification or shelving scheme | Damaged status | Not for loan | Home library | Current library | Shelving location | Date acquired | Total checkouts | Full call number | Barcode | Date last seen | Price effective from | Koha item type |
|---|---|---|---|---|---|---|---|---|---|---|---|---|---|---|
| Library of Congress Classification | Main Library | Main Library | 05/12/2021 | PE 1068.K4 .I53 2005 | PIU0001643 | 05/12/2021 | 05/12/2021 | Books |